Have a little faith : (Record no. 46)

MARC details
000 -LEADER
fixed length control field 02024cam a22003494a 4500
003 - CONTROL NUMBER IDENTIFIER
control field data
005 - DATE AND TIME OF LATEST TRANSACTION
control field 20260322212004.0
008 - FIXED-LENGTH DATA ELEMENTS--GENERAL INFORMATION
fixed length control field data
010 ## - LIBRARY OF CONGRESS CONTROL NUMBER
LC control number 2009023230
019 ## -
-- 310400304
020 ## - INTERNATIONAL STANDARD BOOK NUMBER
International Standard Book Number 9780786868728
020 ## - INTERNATIONAL STANDARD BOOK NUMBER
International Standard Book Number 0786868724
040 ## - CATALOGING SOURCE
Original cataloging agency DLC
Transcribing agency DLC
Modifying agency JYJ
-- BTCTA
-- YDXCP
-- UPZ
-- HSA
-- HBP
-- WIQ
-- BUR
-- DCB
-- P@N
-- LMR
-- VP@
-- YBM
-- JYJ
049 ## - LOCAL HOLDINGS (OCLC)
Holding library OSUU
050 00 - LIBRARY OF CONGRESS CALL NUMBER
Classification number BM729.F3
Item number A496 2009
082 00 - DEWEY DECIMAL CLASSIFICATION NUMBER
Classification number 296.7
Edition information 22
082 04 - DEWEY DECIMAL CLASSIFICATION NUMBER
Classification number 202
Edition information 22
092 ## - LOCALLY ASSIGNED DEWEY CALL NUMBER (OCLC)
Classification number 296.7 A496 2009
001 - CONTROL NUMBER
control field data
100 1# - MAIN ENTRY--PERSONAL NAME
Personal name Albom, Mitch,
Dates associated with a name 1958-
245 10 - TITLE STATEMENT
Title Have a little faith :
Remainder of title a true story /
Statement of responsibility, etc. Mitch Albom.
260 ## - PUBLICATION, DISTRIBUTION, ETC.
Place of publication, distribution, etc. New York :
Name of publisher, distributor, etc. Hyperion,
Date of publication, distribution, etc. 2009.
300 ## - PHYSICAL DESCRIPTION
Extent viii, 254 p. ;
Dimensions 20 cm.
504 ## - BIBLIOGRAPHY, ETC. NOTE
Bibliography, etc. note Includes bibliographical references and index.
505 0# - FORMATTED CONTENTS NOTE
Formatted contents note In the beginning... -- Spring -- The great tradition of running away -- Meet the reb -- A little history -- Life of Henry -- The file on God -- The house of peace -- The daily grind of faith -- Ritual -- The end of spring -- Summer -- The things we lose -- Community -- A little more history -- The greatest question of all -- Why war? -- Happiness -- The end of summer -- Autumn -- Church -- What is rich? -- Church -- Old -- Church -- A good marriage -- Your faith, my faith -- The things we find -- Thanksgiving -- The end of autumn -- Winter -- Winter solstice -- Good and evil -- Life of Cass -- Saying sorry -- The moment of truth -- Heaven -- Church -- Goodbye -- The eulogy -- ...The things we leave behind.
520 ## - SUMMARY, ETC.
Summary, etc. When an eighty-two-year-old rabbi from Albom's old hometown asks him to deliver his eulogy, Albom goes back to his nonfiction roots and becomes involved with a Detroit pastor--a reformed drug dealer and convict--who preaches to the poor and homeless in a decaying church with a hole in its roof. A timely, moving, and inspiring look at faith: not just who believes, but why.
600 10 - SUBJECT ADDED ENTRY--PERSONAL NAME
Personal name Albom, Mitch,
Dates associated with a name 1958-
General subdivision Religion.
600 10 - SUBJECT ADDED ENTRY--PERSONAL NAME
Personal name Lewis, Albert L.
600 10 - SUBJECT ADDED ENTRY--PERSONAL NAME
Personal name Covington, Henry P.
650 #0 - SUBJECT ADDED ENTRY--TOPICAL TERM
Topical term or geographic name entry element Faith (Judaism)
650 #0 - SUBJECT ADDED ENTRY--TOPICAL TERM
Topical term or geographic name entry element Faith.
Holdings
Withdrawn status Lost status Damaged status Not for loan Home library Current library Shelving location Date acquired Total checkouts Full call number Barcode Date last seen Price effective from Koha item type
        Centerville Centerville General stacks 22/03/2026   296.7 22 BC0010046 22/03/2026 22/03/2026 Books